000 00696nam a2200217Ii 4500
003 JO-AjNU
008 230605s9999||||xx |||||||||||||| ||und||
017 _a2006/11/2649
040 _aJO-AjNU
_bara
_erda
_cJO-AjNU
041 _aara
050 1 4 _aTX902.A2998 2007
100 3 _aعبوي ، زيد منير ,
_eauthor
_953229
245 0 0 _aمعجم المصطلحات السياحية والفندقية
250 _aط1
264 3 1 _aعمان :دار كنوز المعرفة ،2007
300 _a436ص
336 _atext
_btxt
_2rdacontent
337 _aunmediated
_bn
_2rdamedia
338 _avolume
_bnc
_2rdacarrier
650 4 _aالسياحة-الفنادق-القواميس
_953230
999 _aA23627
_c27195
_d27195